Statistics for Which Place in England ?

Click here to take the quiz!

General Stats

  • This quiz has been taken 50 times
  • The average score is 11 of 15

Answer Stats

ClueBegins withPlacename% Correct
Birthplace of all of the "Fab Four"LLiverpool
100%
Capital City nicknamed, "The Smoke"LLondon
100%
The second oldest English speaking university is hereCCambridge
98%
The ill-fated "Titanic" left this city for New York in 1912SSouthampton
93%
Seaside town with a replica of the Eiffel TowerBBlackpool
91%
UNESCO World Heritage Site, known to the Romans as Aquae SulisBBath
89%
A native of this city is known as a "Geordie"NNewcastle upon Tyne
89%
Gilbert and Sullivan wrote about the "Pirates" of this townPPenzance
76%
City made up of six towns known as "The Potteries"SStoke-on-Trent
74%
Home to Colman's Mustard, one of the oldest food manufacturersNNorwich
72%
Famous as the birthplace of Britains first female Prime MinisterGGrantham
57%
This town is the most easterly settlement of the United KingdomLLowestoft
52%
This village has associations with the legendary King ArthurTTintagel
50%
Dorset village famous for its "Martyrs" that formed a UnionTTolpuddle
50%
Many of Britains nuclear submarines were made hereBBarrow in Furness
24%

Score Distribution

Percentile by Number Answered

Percent of People with Each Score

Your Score History

You have not taken this quiz